000 00465nam a2200169Ia 4500
003 GCL
008 140319s9999 xx 000 0 eng d
040 _aGCL /
_cGCL
082 0 4 _a320.962
_bS P
100 1 _aSIDAHMED, ABDELSALAM
245 1 0 _aPOLITICS AND ISLAM IN CONTEMPORARY SUDAN /
_cSIDAHMED, ABDELSALAM
260 _a[S.N] :
_bCURZON PRESS ،
_c1997
300 _a249 P
650 0 4 _aSUDAN
650 0 4 _aSUDAN - POLITICS AND GOVERNMENT
942 _2ddc
_cBK
999 _c13777
_d13777